| 000 | 00462nam a2200205Ia 4500 | ||
|---|---|---|---|
| 008 | 240510s9999 xx 000 0 und d | ||
| 020 | _a0000132286858 | ||
| 041 | _aEng | ||
| 082 | _a658.8 | ||
| 082 | _bK57 | ||
| 100 | _aKOTLER,P. | ||
| 245 | 0 | _aPRINCIPLES OF MARKETING | |
| 250 | _a7th ed. | ||
| 260 | _bPRENTICE HALL : ENGLEWOOD CLIFFS | ||
| 260 | _c1996 | ||
| 300 | _a712 p. | ||
| 650 | _aMARKETING : MANAGEMENT | ||
| 942 | _2ddc | ||
| 942 | _cRBK | ||
| 999 |
_c24711 _d24711 |
||
| 945 |
_a1 _bMadushi Gamage _c1 _dMadushi Gamage |
||